000 00850nam a2200229Ia 4500
003 GCL
008 140319s9999 xx 000 0 ara d
020 _a8264305977
040 _aGCL /
_cGCL
082 0 4 _a791.43
_bم س
100 1 _aمنير محمد ابراهيم
245 1 0 _aالسينما المصرية فى الثلاثينيات ( 1930-1939 ) /
_cمنير محمد ابراهيم
250 _aالاولى
260 _a[S.N] :
_bالمجلس الاعلى للاثار ،
_c2002
260 _aالقاهرة :
_bصندوق التنمية الثقافية ،
_c2002
300 _a176ص ؛
_c21سم
650 0 4 _aالسينما
650 0 4 _aالافلام السينمائية - تاريخ ونقد
650 0 4 _aالافلام السينمائية - مصر
650 0 4 _aالسينما - تاريخ ونقد
942 _2ddc
_cBK
999 _c7820
_d7820